000 002940000a22001090004500
090 _aAS
_bSeriadas
245 1 0 _aCuatro especies nuevas de Cyclanthaceae de Colombia
041 0 _aEspaƱol
100 1 _aTuberquia, Dino
_974251
942 _cARTICULO
773 1 _tCaldasia
_345
_h1-2
_q179-189
_d1997
_g19
999 _c14940
_d14940